Mektuplaşmalar (Record no. 12184)

MARC details
000 -BAŞLIK
Sabit Uzunluktaki Kontrol Alanı 00525nam a22001937a 4500
003 - KONTROL NUMARASI KİMLİĞİ
Kontrol Alanı koha_MIRAKIL
005 - EN SON İŞLEM TARİHİ ve ZAMANI
Kontrol Alanı 20231213095945.0
008 - SABİT UZUNLUKTAKİ VERİ ÖGELERİ - GENEL BİLGİ
Sabit Alan 231213b |||||||| |||| 00| 0 ||| d
020 ## - ISBN - ULUSLARARASI STANDART KİTAP NUMARASI
-- 978-6-05-314042-9
040 ## - KATALOGLAMA KAYNAĞI
Özgün Kataloglama Kurumu TR-IsEVY
Kataloglama Dili tur
Çeviri Kurumu TR-IsEVY
082 ## - DEWEY ONU SINIFLAMA SİSTEMİ
Sınıflama Numarası 836.912 ZWE/M
100 ## - KİŞİ ADI
Yazar Adı (Kişi adı) Zweig, Stefan.
245 #0 - ESER ADI BİLDİRİMİ
Başlık Mektuplaşmalar
Alt Eseradı vb. 1912-1942
260 ## - YAYIN, DAĞITIM, VB.
Yayınevi Ayrıntı Yayınları,
Yayın Tarihi 2015
300 ## - FİZİKSEL TANIMLAMA
Sayfa, Cilt vb. 474 s.
650 ## - KONU BAŞLIĞI EK GİRİŞ - KONU TERİMİ
Konusal terim veya coğrafi ad Alman edebiyatı -- Mektuplar.
650 ## - KONU BAŞLIĞI EK GİRİŞ - KONU TERİMİ
Konusal terim veya coğrafi ad German literature -- Letters.
942 ## - EK GİRİŞ ÖGELERİ (KOHA)
Source of classification or shelving scheme Dewey Decimal Classification
Koha item type Kitap
Holdings
Kayıp Durumu Sınıflandırma Kaynağı Hasarlı Durumu Kalıcı Konum Mevcut Konum Kayıt Tarih Edinim Kaynağı Yer Numarası Demirbaş Numarası Son Görülme Tarihi Fatura Tarihi Materyal Türü
  Dewey Decimal Classification   LİSE KÜTÜPHANESİ LİSE KÜTÜPHANESİ 22/01/2016 Satınalma 836.912 ZWE/M 12718 13/12/2023 22/01/2016 Kitap